000 00304nam a22001337a 4500
008 190305b xxu||||| |||| 00| 0 eng d
020 _a0876687443
041 _aeng
080 _a159.9
100 _a49
101 _aPSI
245 _aClassics in Psycho-analytic Technique
_cLangs, R
942 _2udc
_cBK
999 _c54487
_d54487